000 01156nam a2200229Ia 4500
003 Ost
005 20260507074941.0
008 260507s9999||||xx |||||||||||||| ||und||
040 _cfsecg
041 _aara
082 _a658.314
100 _aالعاني، هيثم محمد
_eمؤلف
245 0 _aالادارة بالحوافز :
_bالتحفيز والمكافأت /
_c هيثم محمد العاني
260 _aعمان:
_bدار كنوز المعرفة,
_c2007
300 _a200 صفحة؛
_bإيضاحات ؛
_c24 سم
504 _aبيبليوغرافيا ص. 199
520 _aيعرض هذا الكتاب في محتواه مايلي مدخل إلى ادارة الحوافز ، التحفيز في العمل ، الحوافز والمكافأت ، مصادر التحفيز ، عمليات التحفيز ، تحفيز الطلاب وأهم مميزاته ، ابداع الشباب الحوافز والعوائق ، مقترحات لتصميم وتنفيذ التدابير الحافزة
653 _aادارة الاعمال
653 _aادارة الافراد
653 _aادارة عامة
942 _cكتاب
999 _c41929
_d41929